| 000 | 00475nam a2200181Ia 4500 | ||
|---|---|---|---|
| 001 | 39694 | ||
| 008 | 140423s9999 xx 000 0 und d | ||
| 020 | _a0195219430 | ||
| 040 | _cPK-LaUMT | ||
| 082 |
_aR 306.44014 _bTRU-G |
||
| 100 | _aTrudgill, Peter | ||
| 245 | 2 |
_aA glossary of sociolinguistics _cTrudgill, Peter |
|
| 260 |
_aOxford,USA: _bOxford University Press, _c2003 |
||
| 300 | _a148 p. | ||
| 546 | _aEN | ||
| 650 | _aSociolinguistics-Terminology | ||
| 942 | _cBK | ||
| 999 |
_c38999 _d38999 |
||